• 首页
  • 本馆介绍
  • 公告通知
  • 最新文献
  • 馆藏检索
  • 电子资源
  • 读者导购
  • 参考咨询
  • 我的图书馆
  • 登录
  • 详细信息显示
  • 放入我的书架
  • 预约/预借图书
  • 作者相关作品
  • 分类相关作品
  • 丛书相关作品
  • 出版社相关作品

书目信息

  • 表格格式
  • 工作单格式
  • 卡片格式
题名:
学校会计真账实操从入门到精通
    
 
作者: 张金霞 编著
分册:  
出版信息: 北京   中国铁道出版社有限公司  2019.09
页数: 18, 446页
开本: 24cm
丛书名:
单 册:
中图分类: G475
科图分类:
主题词: 学校--xue jiao--会计方法
电子资源:
ISBN: 978-7-113-26029-3
000 00946nam0 2200253 450
001 0104125601
005 20201104125710.0
010    @a978-7-113-26029-3@dCNY69.80
100    @a20200408d2019 em y0chiy50 ea
101 0  @achi
102    @aCN@b110000
105    @ak z 000yy
106    @ar
200 1  @a学校会计真账实操从入门到精通@Axue xiao kuai ji zhen zhang shi cao cong ru men dao jing tong@f张金霞编著
210    @a北京@c中国铁道出版社有限公司@d2019.09
215    @a18, 446页@d24cm
312    @a封面英文题名:School accounting
330    @a本书既解读了会计制度,又示范了会计实务。全书从会计新制度的立意出发,讲述了各个会计科目的核算方法。新的学校会计制度重构了学校会计制度核算模式,强化了财务会计功能,完善了预算会计功能。
510 1  @aSchool accounting@zeng
606 0  @a学校@Axue jiao@x会计方法
690    @aG475@v5
701  0 @a张金霞@AZhang Jin Xia@4编著
801  0 @aCN@bBJSZM@c20201104
905    @b1259141-5@dG475@e236@f5
    
    学校会计真账实操从入门到精通/张金霞编著.-北京:中国铁道出版社有限公司,2019.09
    18, 446页;24cm
    
    
    ISBN 978-7-113-26029-3:CNY69.80
    本书既解读了会计制度,又示范了会计实务。全书从会计新制度的立意出发,讲述了各个会计科目的核算方法。新的学校会计制度重构了学校会计制度核算模式,强化了财务会计功能,完善了预算会计功能。
●
相关链接 在E读中查询图书 在五车中查询图书 在当当中查询图书 在豆瓣中查询图书


正题名:学校会计真账实操从入门到精通     索取号:G475/236         预约/预借

序号 登录号 条形码 馆藏地/架位号 状态 备注
1 1259141   212591417   第一样本阅览室/ [索取号:G475/236] 在馆    
2 1259142   212591426   教育系资料室/ [索取号:G475/236] 在馆    
3 1259143   212591435   教育系资料室/ [索取号:G475/236] 在馆    
4 1259144   212591444   第四借阅区/ [索取号:G475/236] 在馆    
5 1259145   212591453   第四借阅区/ [索取号:G475/236] 在馆    
唐山师范学院图书馆 欢迎您!
大连网信软件有限公司© 版权所有